000 00506nam a22001817a 4500
005 20250408170525.0
010 _aENG-144546
020 _a9789383381241
_c1000.00
035 _aEN-125078
037 _bDBAD
082 _a889
_21
100 _aJain, Seema
_980463
245 _aAn Introduction to American Literature/
_cSeema Jain
260 _aDelhi
_bAadi Books
_c2017
270 _a23/4, Shakti Nagar
_bDelhi
_e110007
300 _avi,247p.
_c22cm(Hb)
942 _2ddc
_cEN
_h889
_mJAI
999 _c210886
_d210886